000 00336nam a2200133Ia 4500
008 151021s9999 xx 000 0 und d
020 _a9966724915
050 _aPZ4 .P988 2008
245 _a_Run & break Hugh Pryor
260 _aNairobi Acrodile 2008
300 _a221p.
650 _a_Novel
980 _a^d20131014 04:01:09^oanne
999 _c14469
_d14469